| 000 | 00732nam a2200253Ia 4500 | ||
|---|---|---|---|
| 005 | 20260601193224.0 | ||
| 008 | 260601s9999||||xx |||||||||||||| ||und|| | ||
| 020 |
_a978-981-99-8432-9 _qebk |
||
| 100 | _aQingshan Liu | ||
| 245 | 0 | _aPattern Recognition and Computer Vision | |
| 250 | _a1st ed. 2024 | ||
| 260 |
_aHeidelberg, Germany _bSpringer Nature _c2024 |
||
| 440 | _aLecture Notes in Computer Science | ||
| 650 | _aComputer Science | ||
| 700 | _aHanzi Wang | ||
| 700 | _aHongbin Zha | ||
| 700 | _aLiang Wang | ||
| 700 | _aRongrong Ji | ||
| 700 | _aWeishi Zheng | ||
| 700 | _aXilin Chen | ||
| 700 | _aZhanyu Ma | ||
| 856 | _uhttps://link.springer.com/openurl?genre=book&isbn=978-981-99-8432-9 | ||
| 942 |
_cEB _2ddc |
||
| 999 |
_c55899 _d55899 |
||